Регионална библиотека "Любен Каравелов" - Русе

Сделка за милиони (Запис номер 74142)

MARC детайли
000 -Лидер
Контролно поле с фиксирана дължина 01371nam a2200349 a 4500
003 - Код на организацията, давaща контролен номер
Контролно поле BLK
005 - Дата и час на последна редакция
Контролно поле 20250707094716.0
008 - Елементи от данни с фиксирана дължина
fixed length control field 180408b bul|||||r ||||||| ||bul||
010 ## - Наследен системен номер
LC control number KNG00078541000
020 ## - Международен стандартен номер на книга ISBN
Международен стандартен номер на книга ISBN 978-954-9625-05-9
040 ## - Източник на каталожния запис
Идентификатор на билиотеката - собственик на записа BLK
041 ## - Код за език
Код за езика на текст/звукозапис или на отделно заглавие Български
Код за езика КДБФ Български
080 ## - УДК
Текстов определител УДК Американска литература (на САЩ)
УДК код - определител по УДК 821.111(73)
УДК определител -31
УДК - код + определител 821.111(73)-31
100 ## - Редна дума - Автор
Автор Браун, Сандра
Дати, свързани с автора 1948-
Автор - информация (биография) Американска писателка
Авторска отговорност първи автор
R(LIN) 241650
139 ## - Редно поле
Редна дума Браун, Сандра
Авторски знак Брат - Б 78
245 10 - Сведения за заглавието
Заглавие Сделка за милиони
Подзаглавни данни Роман
Редно поле (дума) Сандра Браун; прев. от англ. Диана Христова Райкова.
257 ## - Страна на издаване
Страна на създаване/издаване Съединени американски щати
260 ## - Област на издателските данни
Място на издаване, разпространение и проч. София
Име на издателя, разпространителя и проч. Ергон
Година на издаване 2007
300 ## - Физическа характеристика
Страници 392 с.
Размери/Мащаб 20 см
380 ## - Жанр
Жанр Худож. лит.
490 ## - СЕРИИ (Колекции)
Име на серия Библиотека Любов и Съдба
9 (RLIN) 201120
500 ## - Общи забележки
Забележка Ориг. загл. Play Dirty / Sandra Brown.
653 ## - Ключова дума – ненормативна
Ключова дума романи
700 1# - Други автори (авторска отговорност)
Лично име Райкова, Диана Христова
Автороска отговорност (Описва отношението между автора и произведението) прев. от англ.
9 (RLIN) 368973
852 ## - Местоположение
Форматна сигнатура Цб 236329
856 4# - Електронен адрес и достъп
Електронен формат pdf - файл
Инструкция (цена за достъп) 0.00
Права за достъп disable
856 4# - Електронен адрес и достъп
Електронен формат pdf - файл
Инструкция (цена за достъп) 0.00
Права за достъп disable
999 ## - СИСТЕМНИ КОНТРОЛНИ НОМЕРА
Koha biblionumber 74142
Koha biblioitemnumber 74142
942 ## - АРТИКУЛИ
Вид на библиотечния материал Книги
Скрит в OPAC Не
Koha issues (borrowed), all copies 57
Периодичен библиозапис Да
944 ## - СЪЗДАВАНЕ И РЕДАКЦИЯ на ЗАПИСА
Създаване/Редакция Създаване
Дата на регистрацията/редакция 23.10.2007
Статус, дата на статуса Виолета Тройчева
Служител, извършил регистрацията/редакцията 30552
944 ## - СЪЗДАВАНЕ И РЕДАКЦИЯ на ЗАПИСА
Създаване/Редакция Редакция
Дата на регистрацията/редакция 05.02.2016
Статус, дата на статуса ф /
Служител, извършил регистрацията/редакцията Людмила_Стоянова
999 ## - СИСТЕМНИ КОНТРОЛНИ НОМЕРА
Koha biblioitemnumber 74142
Наличности
Код за отписване Код за изгубен артикул Източник на класификационната схема Код за повреда Коз за рестрикции Код за отдаване Артикулен № Име на библиотеката - собственик Име на библиотеката, в която се намира в момента Статус (Текущо местоположение) Дата на вписване в системата Местоположение - отдел Цена в лева Инвентарен номер Систематично азбучна сигнатура Баркод Номер на екземпляра Цена в евро Служебна бележка Служебен тип на артикула
Изтеглен Не е изгубен Universal Decimal Classification Не е повреден без рестрикции заемане за дома 120658 Регионална библиотека "Любен Каравелов" Русе Регионална библиотека "Любен Каравелов" Русе Заемна - подръчен фонд 2007-10-23 Заемна - подръчен фонд 12.00 120000718712 П 820(73)-31/Б 78 120000718712 1 6.14 Дост: Pk Вид: Ф N: 149 Дата: 23.10.2007 Книги
  Не е изгубен   Не е повреден без рестрикции ползва се в читалня 120659 Регионална библиотека "Любен Каравелов" Русе Регионална библиотека "Любен Каравелов" Русе Хранилище 2008-06-03 Хранилище 12.00 120000726775 Цб 236329 120000726775 2 6.14 Дост: Dp Вид: Д N: 16 Дата: 19.03.2008 Книги
Изтеглен Не е изгубен Universal Decimal Classification Не е повреден без рестрикции заемане за дома 120660 Регионална библиотека "Любен Каравелов" Русе Регионална библиотека "Любен Каравелов" Русе Заемна - подръчен фонд 2015-12-28 Заемна - подръчен фонд 12.00 120000796459 П 820(73)-31/Б 78 120000796459 3 6.14 Дост: DA Вид: А N: 27 Дата: 28.12.2015 Дата инв: 16.02.2018 Бележки инв: П2018 Книги
  Не е изгубен Universal Decimal Classification Не е повреден без рестрикции заемане за дома 926752 Регионална библиотека "Любен Каравелов" Русе Регионална библиотека "Любен Каравелов" Русе Заемна - подръчен фонд 2023-04-05 Заемна - подръчен фонд 12.00 120000885967 821-31/Б 78 С 120000885967   6.14   Книги
  Не е изгубен Universal Decimal Classification Не е повреден   заемане за дома 933798 Регионална библиотека "Любен Каравелов" Русе Регионална библиотека "Любен Каравелов" Русе Заемна - подръчен фонд 2023-10-02 Заемна - подръчен фонд 12.00 120000892965 821-31/Б 78 С 120000892965   6.14   Книги
Vip Innovations Ltd, Rousse, Bulgaria 2025